Base de datos: índices, resúmenes y biblioteca digital de las investigaciones del XIX Encuentro Nacional y V internacional de investigadores en educación ENIN 2007
Gespeichert in:
| Körperschaften: | , |
|---|---|
| Format: | Buch |
| Sprache: | Spanisch |
| Veröffentlicht: |
Santiago
CPEIP
2007
|
| Schlagworte: | |
| Online-Zugang: | cara frontal |
| Tags: |
Tag hinzufügen
Keine Tags, Fügen Sie den ersten Tag hinzu!
|
MARC
| LEADER | 00000nam a2200000 a 4500 | ||
|---|---|---|---|
| 001 | UCH2523 | ||
| 003 | CL-VaPUC | ||
| 008 | 090618e20070000cl 1 spa d | ||
| 082 | 0 | 4 | |a 370.7 |b CPE |2 21 |
| 110 | 2 | |a CPEIP |e author |9 621409 | |
| 710 | 2 | |a Centro de Perfeccionamiento, Experimentación e Investigaciones Pedagógicas |e author |9 621410 | |
| 245 | 1 | 0 | |a Base de datos: índices, resúmenes y biblioteca digital de las investigaciones del XIX Encuentro Nacional y V internacional de investigadores en educación ENIN 2007 |
| 260 | |a Santiago |b CPEIP |c 2007 | ||
| 300 | |a pág. irreg | ||
| 650 | 0 | 0 | |a Investigación educacional |9 261192 |
| 650 | 0 | 0 | |a Política educacional |9 308011 |
| 650 | 0 | 0 | |a Calidad de la educación |9 307271 |
| 650 | 0 | 0 | |a Congresos |9 257560 |
| 856 | 7 | |f UCH2523_01.jpg |q JEPG |2 file |z cara frontal |u http://opac.pucv.cl/pucv_img/Img-2500/UCH2523_01.jpg | |
| 942 | |c BK | ||
| 945 | |a rbrito |d 20090618 00:00:00 | ||
| 546 | |a En Español | ||
| 536 | |a CPEIP | ||
| 518 | |p Encuentro nacional de investigadores en educación, 19, Santiago, 2007 | ||
| 999 | |c 384441 |d 384439 | ||
| 583 | |k Rodrigo Vera | ||
| 952 | |0 0 |1 0 |4 0 |6 370_700000000000000_CPE_2007 |7 0 |8 A |9 507150 |a BIBEDU |b BIBEDU |d 2020-01-23 |h cd |i 4563808 |o 370.7 CPE 2007 |p 4563808 |r 2020-01-23 |w 2020-01-23 |y BK |k BME | ||